[Event "17. Obert Int. Sant Marti 2015"]
[Site "Barcelona ESP"]
[Date "2015.07.14"]
[Round "2.71"]
[White "Guix Torres, David"]
[Black "Rodriguez, Sofia"]
[Result "0-1"]
[WhiteElo "2036"]
[BlackElo "1783"]
[PlyCount "72"]
[EventDate "2015.07.13"]
[EventType "swiss"]
[EventRounds "9"]
[EventCountry "ESP"]
[SourceTitle "Ajedrez en Madrid"]
[Source "lmi"]
[SourceDate "2013.07.13"]
[SourceVersion "1"]
[SourceVersionDate "2019.06.24"]
[SourceQuality "1"]

1. e4 c5 2. d4 cxd4 3. c3 Nf6 4. e5 Nd5 5. Nf3 e6 6. cxd4 b6 7. Nc3 Nxc3 8.
bxc3 Qc7 9. Bd2 d6 10. Bd3 Nd7 11. O-O Bb7 12. Re1 Be7 13. Rc1 O-O 14. Bf4 dxe5
15. Nxe5 Qd8 16. Qh5 Nf6 17. Qh3 g6 18. Bh6 Qd6 19. Bxf8 Bxf8 20. Bc4 Re8 21.
Re2 Nh5 22. Qe3 a6 23. Rce1 Ng7 24. Qf4 Qe7 25. Bd3 b5 26. Ng4 Nh5 27. Qd2 Qh4
28. f3 Bd6 29. Be4 Bf4 30. Qc2 f5 31. Bxb7 fxg4 32. g3 Bxg3 33. hxg3 Qxg3+ 34.
Kh1 gxf3 35. Rg1 fxe2 36. Rxg3 Nxg3+ 0-1

[Event "17. Obert Int. Sant Marti 2015"]
[Site "Barcelona ESP"]
[Date "2015.07.14"]
[Round "2.72"]
[White "Riu Lopez, Daniel"]
[Black "Uzumcu, Ahmet Utku"]
[Result "0-1"]
[WhiteElo "1839"]
[BlackElo "2032"]
[PlyCount "100"]
[EventDate "2015.07.13"]
[EventType "swiss"]
[EventRounds "9"]
[EventCountry "ESP"]
[SourceTitle "Ajedrez en Madrid"]
[Source "lmi"]
[SourceDate "2013.07.13"]
[SourceVersion "1"]
[SourceVersionDate "2019.06.24"]
[SourceQuality "1"]

1. e4 c5 2. Nc3 d6 3. f4 Nc6 4. Nf3 g6 5. Bc4 Bg7 6. O-O e6 7. d3 Nge7 8. Qe1
h6 9. Qh4 Nd4 10. Bb3 Nxb3 11. axb3 Bd7 12. g4 a6 13. e5 d5 14. Qf2 Qc7 15. d4
c4 16. bxc4 Qxc4 17. Nd2 Qc7 18. Nb3 b6 19. Be3 h5 20. g5 Nf5 21. h4 Bf8 22.
Bd2 Qc4 23. Rfd1 a5 24. Be1 Be7 25. Qe2 Qc6 26. Kh2 O-O 27. Ra2 a4 28. Nc1 Rfc8
29. Bf2 a3 30. Rd3 Bb4 31. Be1 Qb7 32. Qf2 axb2 33. Rxb2 Rc4 34. N1a2 Bxc3 35.
Nxc3 Qc6 36. Nd1 Rca4 37. c3 Qc4 38. Rdd2 R8a6 39. Rdc2 Ra1 40. Rb4 Qd3 41. Rd2
Qe4 42. Re2 Qd3 43. Rd2 Qe4 44. Re2 Rxd1 45. Rxe4 dxe4 46. Qe2 Raa1 47. Qxe4
Rxe1 48. Qg2 Nxh4 49. Qb7 Ra2+ 50. Kg3 Re3+ 0-1

[Event "17. Obert Int. Sant Marti 2015"]
[Site "Barcelona ESP"]
[Date "2015.07.14"]
[Round "2.73"]
[White "Marchador Villalba, Jordi"]
[Black "Minko, Dmitry"]
[Result "1-0"]
[WhiteElo "2026"]
[BlackElo "1672"]
[PlyCount "43"]
[EventDate "2015.07.13"]
[EventType "swiss"]
[EventRounds "9"]
[EventCountry "ESP"]
[SourceTitle "Ajedrez en Madrid"]
[Source "lmi"]
[SourceDate "2013.07.13"]
[SourceVersion "1"]
[SourceVersionDate "2019.06.24"]
[SourceQuality "1"]

1. d4 Nf6 2. Bg5 Ne4 3. Bh4 g5 4. f3 gxh4 5. fxe4 c5 6. e3 Bh6 7. Bc4 e6 8. Nc3
Bxe3 9. d5 a6 10. a4 Qb6 11. Qd3 Bd4 12. Nge2 Be5 13. O-O-O Qa7 14. dxe6 fxe6
15. Bxe6 dxe6 16. Qd8+ Kf7 17. Rhf1+ Kg6 18. Qxh4 h5 19. Nf4+ Bxf4+ 20. Rxf4
Nd7 21. Qg3+ Kh6 22. Rxd7 1-0

[Event "17. Obert Int. Sant Marti 2015"]
[Site "Barcelona ESP"]
[Date "2015.07.14"]
[Round "2.74"]
[White "Dougas Chavarria, Nestor"]
[Black "Costa Trave, Jaume"]
[Result "1-0"]
[WhiteElo "1809"]
[BlackElo "2022"]
[PlyCount "65"]
[EventDate "2015.07.13"]
[EventType "swiss"]
[EventRounds "9"]
[EventCountry "ESP"]
[SourceTitle "Ajedrez en Madrid"]
[Source "lmi"]
[SourceDate "2013.07.13"]
[SourceVersion "1"]
[SourceVersionDate "2019.06.24"]
[SourceQuality "1"]

1. e4 c5 2. g3 a6 3. Bg2 b5 4. c3 Bb7 5. d4 e6 6. Ne2 Nf6 7. Bg5 Be7 8. Nd2 h6
9. Bxf6 gxf6 10. O-O Nc6 11. d5 Ne5 12. Nf4 c4 13. Bh3 Qb6 14. b3 O-O 15. bxc4
bxc4 16. Rb1 Qc7 17. Qh5 Kh7 18. dxe6 dxe6 19. Bxe6 fxe6 20. Nxe6 Qd7 21. Qf5+
Kg8 22. Nxf8 Qxf5 23. exf5 Bc6 24. Ng6 Nxg6 25. fxg6 Bc5 26. Rfe1 Bb5 27. Ne4
Be7 28. h4 h5 29. a4 Bxa4 30. Rb7 Bd8 31. Nd6 Bc6 32. Rf7 a5 33. Nf5 1-0

[Event "17. Obert Int. Sant Marti 2015"]
[Site "Barcelona ESP"]
[Date "2015.07.14"]
[Round "2.75"]
[White "Barragan Hernandez, Manel"]
[Black "Ofstad, Sigurd"]
[Result "0-1"]
[WhiteElo "1767"]
[BlackElo "2014"]
[PlyCount "52"]
[EventDate "2015.07.13"]
[EventType "swiss"]
[EventRounds "9"]
[EventCountry "ESP"]
[SourceTitle "Ajedrez en Madrid"]
[Source "lmi"]
[SourceDate "2013.07.13"]
[SourceVersion "1"]
[SourceVersionDate "2019.06.24"]
[SourceQuality "1"]

1. e4 d5 2. exd5 Qxd5 3. Nc3 Qa5 4. d4 Nf6 5. Nf3 Bf5 6. Bd2 c6 7. Bc4 e6 8.
Nd5 Qd8 9. Nxf6+ gxf6 10. Bb3 Nd7 11. Qe2 Qc7 12. O-O-O O-O-O 13. Nh4 Bg6 14.
g3 Bd6 15. f4 f5 16. Ng2 Nf6 17. Bxe6+ fxe6 18. Qxe6+ Nd7 19. Qb3 Rhe8 20. Ne3
Re4 21. Qd3 Nf6 22. Nc4 Bc5 23. c3 Bxd4 24. cxd4 Rdxd4 25. Ba5 Rxd3 26. Bxc7
Rxc4+ 0-1

[Event "17. Obert Int. Sant Marti 2015"]
[Site "Barcelona ESP"]
[Date "2015.07.14"]
[Round "2.76"]
[White "Severri Arrese, Carlos"]
[Black "Tateo, Ida"]
[Result "1-0"]
[WhiteElo "1983"]
[BlackElo "1301"]
[PlyCount "77"]
[EventDate "2015.07.13"]
[EventType "swiss"]
[EventRounds "9"]
[EventCountry "ESP"]
[SourceTitle "Ajedrez en Madrid"]
[Source "lmi"]
[SourceDate "2013.07.13"]
[SourceVersion "1"]
[SourceVersionDate "2019.06.24"]
[SourceQuality "1"]

1. e4 c5 2. b3 Nc6 3. Bb2 e5 4. Bc4 Nf6 5. d3 d5 6. exd5 Nxd5 7. Nf3 Qd6 8. Qe2
f6 9. h3 Be6 10. Nbd2 a6 11. g3 b5 12. Bxd5 Bxd5 13. Ne4 Bxe4 14. Qxe4 Rc8 15.
a4 Nd4 16. Bxd4 cxd4 17. axb5 Qb4+ 18. Kd1 Qxb5 19. Nd2 Be7 20. Nc4 O-O 21. Ke2
Kh8 22. Ra5 Qc6 23. Rha1 Qxe4+ 24. dxe4 Bb4 25. Rxa6 Rfd8 26. R1a2 Rb8 27. Rb6
Bc5 28. Rxb8 Rxb8 29. Kd3 Kg8 30. f3 Kf7 31. Ra5 Bb4 32. Ra7+ Kg6 33. Ra6 Re8
34. Rb6 Bc5 35. Rb5 Bf8 36. Rb7 h5 37. h4 Kh6 38. Rb6 Ra8 39. Nxe5 1-0

[Event "17. Obert Int. Sant Marti 2015"]
[Site "Barcelona ESP"]
[Date "2015.07.15"]
[Round "3.1"]
[White "Sundararajan, Kidambi"]
[Black "Grigoryan, Karen H."]
[Result "1-0"]
[WhiteElo "2433"]
[BlackElo "2580"]
[PlyCount "163"]
[EventDate "2015.07.13"]
[EventType "swiss"]
[EventRounds "9"]
[EventCountry "ESP"]
[SourceTitle "Ajedrez en Madrid"]
[Source "lmi"]
[SourceDate "2013.07.13"]
[SourceVersion "1"]
[SourceVersionDate "2019.06.24"]
[SourceQuality "1"]

1. Nf3 d6 2. d4 f5 3. c4 Nf6 4. Nc3 g6 5. g3 Bg7 6. Bg2 O-O 7. O-O Qe8 8. Re1
h6 9. e4 fxe4 10. Nxe4 Nxe4 11. Rxe4 Bf5 12. Re3 Nc6 13. d5 Nb4 14. Nh4 Qf7 15.
Nxf5 Qxf5 16. Qd2 a5 17. Be4 Qf6 18. a3 Na6 19. Qc2 g5 20. Rb1 a4 21. Bh7+ Kh8
22. Re6 Qf3 23. Be3 Nc5 24. Rxe7 Rae8 25. Rxe8 Rxe8 26. Bg6 Rf8 27. Re1 Nb3 28.
Be4 Qf6 29. Re2 Nd4 30. Bxd4 Qxd4 31. Kg2 Re8 32. Bg6 Rxe2 33. Qxe2 Qf6 34.
Qe8+ Qf8 35. Qd7 c6 36. dxc6 bxc6 37. Qxc6 Bd4 38. f3 g4 39. Be4 gxf3+ 40. Bxf3
Bxb2 41. Qxa4 d5 42. Bxd5 Bxa3 43. Qd7 Bc5 44. Bf3 Qd6 45. Qe8+ Kg7 46. Bd5 Qf8
47. Qd7+ Qe7 48. Qg4+ Qg5 49. Kf3 Be7 50. Qe6 Qf6+ 51. Qxf6+ Kxf6 52. Kg4 Bd6
53. Kh5 Kg7 54. Be4 Be5 55. c5 Bb8 56. c6 Bc7 57. Kh4 Kf6 58. Bc2 Bd6 59. h3 h5
60. g4 hxg4 61. hxg4 Bf4 62. Kh5 Ke6 63. Be4 Be3 64. Kg6 Bd4 65. g5 Be3 66.
Bf5+ Kd6 67. Bd7 Ke7 68. Kf5 Bd2 69. Kg6 Be3 70. Bg4 Kd6 71. Bf3 Ke7 72. Kh5
Bd4 73. g6 Bg7 74. Kg5 Ke6 75. Kf4 Kd6 76. Ke3 Kc7 77. Kd3 Kd6 78. Kc4 Ba1 79.
Kb5 Bd4 80. Be4 Kc7 81. Kc4 Ba1 82. Kd5 1-0

[Event "17. Obert Int. Sant Marti 2015"]
[Site "Barcelona ESP"]
[Date "2015.07.15"]
[Round "3.2"]
[White "Vassallo Barroche, Mauricio"]
[Black "Gomez Garrido, Camilo Ernesto"]
[Result "1-0"]
[WhiteElo "2430"]
[BlackElo "2519"]
[PlyCount "51"]
[EventDate "2015.07.13"]
[EventType "swiss"]
[EventRounds "9"]
[EventCountry "ESP"]
[SourceTitle "Ajedrez en Madrid"]
[Source "lmi"]
[SourceDate "2013.07.13"]
[SourceVersion "1"]
[SourceVersionDate "2019.06.24"]
[SourceQuality "1"]

1. d4 d5 2. c4 c6 3. e3 Nf6 4. Nf3 a6 5. Qc2 Bg4 6. Ne5 Bh5 7. Nc3 e6 8. Bd2
Nbd7 9. Qb3 Qb8 10. f4 Be7 11. Bd3 Bg6 12. cxd5 cxd5 13. Nxd7 Nxd7 14. f5 Bxf5
15. Bxf5 exf5 16. O-O g6 17. Nxd5 Bd6 18. e4 Qa7 19. Kh1 fxe4 20. Nc7+ Bxc7 21.
Qxf7+ Kd8 22. Bg5+ Kc8 23. Rfc1 Qxd4 24. Bf4 Rf8 25. Rxc7+ Kd8 26. Rxd7+ 1-0

[Event "17. Obert Int. Sant Marti 2015"]
[Site "Barcelona ESP"]
[Date "2015.07.15"]
[Round "3.3"]
[White "Akbarinia, Sayed Arash"]
[Black "Cuartas, Jaime Alexander"]
[Result "1-0"]
[WhiteElo "2413"]
[BlackElo "2503"]
[PlyCount "67"]
[EventDate "2015.07.13"]
[EventType "swiss"]
[EventRounds "9"]
[EventCountry "ESP"]
[SourceTitle "Ajedrez en Madrid"]
[Source "lmi"]
[SourceDate "2013.07.13"]
[SourceVersion "1"]
[SourceVersionDate "2019.06.24"]
[SourceQuality "1"]

1. d4 Nf6 2. Nf3 c5 3. d5 b5 4. Bg5 Qb6 5. a4 b4 6. a5 Qb7 7. Bxf6 exf6 8. e4
d6 9. Nbd2 Be7 10. Bd3 O-O 11. O-O Nd7 12. Re1 Ne5 13. h3 Nxd3 14. cxd3 f5 15.
Nc4 Rd8 16. Nfd2 fxe4 17. dxe4 Bf6 18. Qf3 Qa6 19. Rad1 Bd7 20. e5 dxe5 21. b3
Bb5 22. Ne4 Bxc4 23. bxc4 Qxc4 24. Nxf6+ gxf6 25. Qxf6 Qf4 26. Qe7 Re8 27. Qxc5
Rec8 28. Qe7 Rc2 29. Rf1 Kh8 30. d6 Rg8 31. d7 Qf3 32. Qg5 Rxg5 33. d8=Q+ Rg8
34. Qxg8+ 1-0

[Event "17. Obert Int. Sant Marti 2015"]
[Site "Barcelona ESP"]
[Date "2015.07.15"]
[Round "3.4"]
[White "Shyam, Sundar M."]
[Black "Gagare, Shardul"]
[Result "1/2-1/2"]
[WhiteElo "2492"]
[BlackElo "2425"]
[PlyCount "85"]
[EventDate "2015.07.13"]
[EventType "swiss"]
[EventRounds "9"]
[EventCountry "ESP"]
[SourceTitle "Ajedrez en Madrid"]
[Source "lmi"]
[SourceDate "2013.07.13"]
[SourceVersion "1"]
[SourceVersionDate "2019.06.24"]
[SourceQuality "1"]

1. g3 Nf6 2. Bg2 c5 3. e4 Nc6 4. d3 g6 5. Ne2 Bg7 6. O-O O-O 7. f4 d6 8. Nd2
Qc7 9. h3 Rb8 10. g4 b5 11. Nf3 b4 12. f5 Bb7 13. Nf4 Nd4 14. Nxd4 cxd4 15. h4
Nd7 16. Nd5 Bxd5 17. exd5 Rb5 18. fxg6 hxg6 19. h5 Qc8 20. a3 bxa3 21. Rxa3 a5
22. g5 Ne5 23. b3 gxh5 24. Qxh5 Qg4 25. Qxg4 Nxg4 26. Rf4 Ne5 27. Be4 Rc8 28.
Ra2 e6 29. dxe6 fxe6 30. Bd2 Rbc5 31. Bxa5 d5 32. Bg2 Rxc2 33. Rxc2 Rxc2 34.
Bh3 Rc6 35. Bf1 Rc1 36. Kg2 Nc6 37. Bd2 Rb1 38. Kf2 e5 39. Rh4 Rxb3 40. g6 Ne7
41. Rg4 Rb6 42. Bg2 Rxg6 43. Bxd5+ 1/2-1/2

[Event "17. Obert Int. Sant Marti 2015"]
[Site "Barcelona ESP"]
[Date "2015.07.15"]
[Round "3.6"]
[White "Cruz, Filemon"]
[Black "Diermair, Andreas"]
[Result "1/2-1/2"]
[WhiteElo "2402"]
[BlackElo "2485"]
[PlyCount "36"]
[EventDate "2015.07.13"]
[EventType "swiss"]
[EventRounds "9"]
[EventCountry "ESP"]
[SourceTitle "Ajedrez en Madrid"]
[Source "lmi"]
[SourceDate "2013.07.13"]
[SourceVersion "1"]
[SourceVersionDate "2019.06.24"]
[SourceQuality "1"]

1. c4 e6 2. d4 Nf6 3. Nc3 Bb4 4. e3 O-O 5. Bd3 c5 6. Nf3 d5 7. O-O cxd4 8. exd4
dxc4 9. Bxc4 b6 10. Qe2 Bb7 11. Rd1 Bxc3 12. bxc3 Nbd7 13. Bd3 Qc7 14. c4 Rfe8
15. Ne5 Nxe5 16. dxe5 Qc6 17. f3 Nd7 18. Bb2 Nc5 1/2-1/2

[Event "17. Obert Int. Sant Marti 2015"]
[Site "Barcelona ESP"]
[Date "2015.07.15"]
[Round "3.7"]
[White "Roy, Prantik"]
[Black "Harutyunian, Tigran K."]
[Result "1/2-1/2"]
[WhiteElo "2292"]
[BlackElo "2472"]
[PlyCount "82"]
[EventDate "2015.07.13"]
[EventType "swiss"]
[EventRounds "9"]
[EventCountry "ESP"]
[SourceTitle "Ajedrez en Madrid"]
[Source "lmi"]
[SourceDate "2013.07.13"]
[SourceVersion "1"]
[SourceVersionDate "2019.06.24"]
[SourceQuality "1"]

1. d4 d5 2. c4 c6 3. Nf3 Nf6 4. e3 e6 5. Nbd2 Nbd7 6. Bd3 b6 7. O-O Bb7 8. e4
dxe4 9. Nxe4 Be7 10. Bf4 O-O 11. Qe2 c5 12. dxc5 Nxe4 13. Bxe4 Bxe4 14. Qxe4
Nxc5 15. Qe3 Qd3 16. Ne5 Qxe3 17. Bxe3 Bf6 18. Bxc5 bxc5 19. Nd7 Bxb2 20. Nxf8
Bxa1 21. Nxe6 fxe6 22. Rxa1 Rb8 23. Kf1 Kf7 24. Rd1 Kf6 25. Rd7 Rb1+ 26. Ke2
Rb2+ 27. Ke3 Rxa2 28. Rc7 Ra3+ 29. Ke4 Ra2 30. Ke3 Ra5 31. Ke4 h5 32. h4 g6 33.
g3 Ra2 34. Ke3 Kf5 35. Rxc5+ e5 36. f4 Ra3+ 37. Kf2 Ra2+ 38. Kf3 Ra3+ 39. Kf2
Ra2+ 40. Kf3 Ra3+ 41. Kf2 Ra2+ 1/2-1/2

[Event "17. Obert Int. Sant Marti 2015"]
[Site "Barcelona ESP"]
[Date "2015.07.15"]
[Round "3.8"]
[White "Pardo Simon, David"]
[Black "Alarcon Casellas, Rolando"]
[Result "1-0"]
[WhiteElo "2468"]
[BlackElo "2411"]
[PlyCount "129"]
[EventDate "2015.07.13"]
[EventType "swiss"]
[EventRounds "9"]
[EventCountry "ESP"]
[SourceTitle "Ajedrez en Madrid"]
[Source "lmi"]
[SourceDate "2013.07.13"]
[SourceVersion "1"]
[SourceVersionDate "2019.06.24"]
[SourceQuality "1"]

1. d4 d5 2. c4 c6 3. Nf3 Nf6 4. Nc3 e6 5. Bg5 dxc4 6. e4 b5 7. e5 h6 8. Bh4 g5
9. Nxg5 Nd5 10. Nxf7 Qxh4 11. Nxh8 Bb4 12. Rc1 c5 13. dxc5 Nd7 14. Be2 Nxe5 15.
O-O Bb7 16. Bh5+ Ke7 17. Qe2 Rg8 18. Qxe5 Rxg2+ 19. Kh1 Nf4 20. Qd6+ Kf6 21.
Qf8+ Kg5 22. Nf7+ Kxh5 23. Qxh6+ Kg4 24. f3+ Kh3 25. Qxh4+ Kxh4 26. Ne4 Bxc5
27. Rcd1 Bb6 28. Rd7 Bc6 29. Rd6 Bd5 30. Rd7 Bc6 31. Rd6 Be8 32. Nh6 Bh5 33.
Ng4 Rxb2 34. Rd7 Bg6 35. Ne5 Bf5 36. Rfd1 Re2 37. Rf1 Rxa2 38. Rf7 Be3 39. Rf8
Nh5 40. Rh8 Rxh2+ 41. Kxh2 Bf4+ 42. Kg2 Bh3+ 43. Kf2 Bxe5 44. Rxh5+ Kxh5 45.
Rh1 Kh4 46. f4 Bxf4 47. Kf3 Bc7 48. Nf2 Kg5 49. Rxh3 Be5 50. Rh7 Bd4 51. Ne4+
Kg6 52. Rd7 c3 53. Ke2 e5 54. Rb7 a6 55. Kd3 Kf5 56. Rf7+ Kg4 57. Nxc3 b4 58.
Ne2 Bc5 59. Kc4 Bd6 60. Kd5 Bb8 61. Rb7 Kf3 62. Rxb8 a5 63. Nc1 e4 64. Kd4 e3
65. Rf8+ 1-0

[Event "17. Obert Int. Sant Marti 2015"]
[Site "Barcelona ESP"]
[Date "2015.07.15"]
[Round "3.9"]
[White "Olivares Canelles, Francisco"]
[Black "Kanmazalp, Ogulcan"]
[Result "1/2-1/2"]
[WhiteElo "2270"]
[BlackElo "2468"]
[PlyCount "178"]
[EventDate "2015.07.13"]
[EventType "swiss"]
[EventRounds "9"]
[EventCountry "ESP"]
[SourceTitle "Ajedrez en Madrid"]
[Source "lmi"]
[SourceDate "2013.07.13"]
[SourceVersion "1"]
[SourceVersionDate "2019.06.24"]
[SourceQuality "1"]

1. d4 Nf6 2. c4 g6 3. Nc3 Bg7 4. e4 d6 5. h3 O-O 6. Nf3 e5 7. d5 a5 8. g4 Na6
9. Be3 Nc5 10. Nd2 c6 11. Be2 a4 12. a3 Qa5 13. f3 Bd7 14. Kf1 cxd5 15. cxd5 b5
16. Kg2 Ne8 17. Qg1 Rb8 18. Rh2 Bf6 19. h4 Bd8 20. Kh1 Bb6 21. Qg3 Nb3 22. Nxb3
axb3 23. Bh6 b4 24. Nd1 Ng7 25. a4 f6 26. f4 exf4 27. Bxf4 Bd4 28. Ne3 Be5 29.
Nc4 Bxf4 30. Qxf4 Qa7 31. Qxd6 Bb5 32. Qxb4 Bxc4 33. Qxc4 Rfc8 34. Qd3 Rc2 35.
Bf3 Rxh2+ 36. Kxh2 Qf2+ 37. Kh3 Qxb2 38. Rb1 Qa2 39. e5 fxe5 40. d6 Qxa4 41.
Bd5+ Kh8 42. Bxb3 Qa3 43. Qd5 h5 44. gxh5 gxh5 45. d7 Rd8 46. Qxe5 Qb4 47. Qg5
Qg4+ 48. Qxg4 hxg4+ 49. Kxg4 Rxd7 50. Ra1 Rd8 51. Ra6 Ne8 52. Ra7 Rb8 53. Bc2
Kg8 54. Bh7+ Kf8 55. Bg6 Ng7 56. Kg5 Kg8 57. Kh6 Ne8 58. h5 Nf6 59. Kg5 Nxh5
60. Kxh5 Rb2 61. Kh6 Kf8 62. Rf7+ Kg8 63. Re7 Rh2+ 64. Bh5 Rf2 65. Re8+ Rf8 66.
Re6 Rf1 67. Re4 Rf2 68. Kg6 Rf7 69. Re8+ Rf8 70. Re7 Rf4 71. Kg5 Rf1 72. Bg6
Kf8 73. Rc7 Rf2 74. Bf5 Ke8 75. Kf6 Rd2 76. Rh7 Kd8 77. Be6 Rd1 78. Ke5 Ke8 79.
Kf6 Kd8 80. Rh8+ Kc7 81. Rc8+ Kb7 82. Rc3 Kb6 83. Ke5 Rb1 84. Kd6 Rb4 85. Bd5
Kb5 86. Bc6+ Kb6 87. Ra3 Rd4+ 88. Bd5 Rb4 89. Ra1 Kb5 1/2-1/2

[Event "17. Obert Int. Sant Marti 2015"]
[Site "Barcelona ESP"]
[Date "2015.07.15"]
[Round "3.10"]
[White "Swapnil, S. Dhopade"]
[Black "Perpinya Rofes, Lluis Maria"]
[Result "1-0"]
[WhiteElo "2453"]
[BlackElo "2398"]
[PlyCount "61"]
[EventDate "2015.07.13"]
[EventType "swiss"]
[EventRounds "9"]
[EventCountry "ESP"]
[SourceTitle "Ajedrez en Madrid"]
[Source "lmi"]
[SourceDate "2013.07.13"]
[SourceVersion "1"]
[SourceVersionDate "2019.06.24"]
[SourceQuality "1"]

1. d4 d6 2. Nf3 g6 3. c4 Bg7 4. Nc3 Nf6 5. e4 O-O 6. h3 Na6 7. Be3 e5 8. d5 Nh5
9. a3 f5 10. b4 Nf6 11. Bd3 c6 12. O-O Nc7 13. Qb3 Kh8 14. Rad1 cxd5 15. cxd5
fxe4 16. Nxe4 Bf5 17. Nfg5 Nfxd5 18. Bc1 h6 19. Bc4 Nf4 20. Nf7+ Rxf7 21. Nxd6
Qh4 22. Nxf7+ Kh7 23. Rfe1 b5 24. Bf1 Be6 25. Qg3 Qxg3 26. fxg3 Nh5 27. Nxe5
Nxg3 28. Bd3 Nf5 29. Bf4 Bd5 30. Nxg6 Bd4+ 31. Kh2 1-0

[Event "17. Obert Int. Sant Marti 2015"]
[Site "Barcelona ESP"]
[Date "2015.07.15"]
[Round "3.11"]
[White "Petrosyan, Tigran S."]
[Black "Morales, Jhon Alexander"]
[Result "1-0"]
[WhiteElo "2441"]
[BlackElo "2308"]
[PlyCount "71"]
[EventDate "2015.07.13"]
[EventType "swiss"]
[EventRounds "9"]
[EventCountry "ESP"]
[SourceTitle "Ajedrez en Madrid"]
[Source "lmi"]
[SourceDate "2013.07.13"]
[SourceVersion "1"]
[SourceVersionDate "2019.06.24"]
[SourceQuality "1"]

1. Nf3 Nf6 2. c4 c5 3. Nc3 Nc6 4. d4 cxd4 5. Nxd4 g6 6. e4 d6 7. Be2 Nxd4 8.
Qxd4 Bg7 9. Be3 O-O 10. Qd2 Be6 11. Rc1 Qa5 12. f3 Rfc8 13. b3 a6 14. Na4 Qxd2+
15. Kxd2 Nd7 16. g4 f5 17. exf5 gxf5 18. h3 Rf8 19. f4 Rad8 20. g5 d5 21. cxd5
Bxd5 22. Rhd1 b5 23. Ke1 Bg2 24. Rc7 bxa4 25. Rdxd7 Rxd7 26. Rxd7 e5 27. Bxa6
axb3 28. axb3 exf4 29. Bxf4 Bxh3 30. Kf2 Ra8 31. Bc4+ Kh8 32. b4 Rc8 33. Bd3 h6
34. gxh6 Bf6 35. b5 Rc3 36. b6 1-0

[Event "17. Obert Int. Sant Marti 2015"]
[Site "Barcelona ESP"]
[Date "2015.07.15"]
[Round "3.12"]
[White "Minko, Vladimir"]
[Black "Peralta, Fernando"]
[Result "0-1"]
[WhiteElo "2226"]
[BlackElo "2556"]
[PlyCount "60"]
[EventDate "2015.07.13"]
[EventType "swiss"]
[EventRounds "9"]
[EventCountry "ESP"]
[SourceTitle "Ajedrez en Madrid"]
[Source "lmi"]
[SourceDate "2013.07.13"]
[SourceVersion "1"]
[SourceVersionDate "2019.06.24"]
[SourceQuality "1"]

1. d4 d6 2. g3 g6 3. Bg2 Bg7 4. Nf3 Nd7 5. c4 e5 6. Nc3 Ne7 7. O-O O-O 8. e4
exd4 9. Nxd4 Nc6 10. Nde2 a5 11. Be3 Nde5 12. b3 a4 13. h3 axb3 14. axb3 Rxa1
15. Qxa1 Nb4 16. Qd1 c6 17. Kh2 Re8 18. Qd2 Qa5 19. Qxd6 Ned3 20. Qb8 Nc2 21.
Qd6 Nxe3 22. fxe3 Nc5 23. Nb5 Nxb3 24. Qf4 Be6 25. Nd6 Be5 26. Nxe8 Bxf4 27.
Nxf4 Bxc4 28. Rd1 Nd2 29. Nd6 Bb3 30. Rc1 Qa3 0-1

[Event "17. Obert Int. Sant Marti 2015"]
[Site "Barcelona ESP"]
[Date "2015.07.15"]
[Round "3.13"]
[White "Burmakin, Vladimir"]
[Black "Kessler, Luca"]
[Result "1/2-1/2"]
[WhiteElo "2571"]
[BlackElo "2364"]
[PlyCount "172"]
[EventDate "2015.07.13"]
[EventType "swiss"]
[EventRounds "9"]
[EventCountry "ESP"]
[SourceTitle "Ajedrez en Madrid"]
[Source "lmi"]
[SourceDate "2013.07.13"]
[SourceVersion "1"]
[SourceVersionDate "2019.06.24"]
[SourceQuality "1"]

1. Nf3 Nf6 2. g3 g6 3. b3 Bg7 4. Bb2 O-O 5. Bg2 c5 6. c4 Nc6 7. O-O d6 8. d4
cxd4 9. Nxd4 Bd7 10. Nc3 Nxd4 11. Qxd4 Bc6 12. Nd5 Ne8 13. Qd2 Bxb2 14. Qxb2
Bxd5 15. Bxd5 Qc7 16. Rfd1 Rc8 17. Bf3 Nf6 18. h4 b6 19. h5 Qc5 20. Kg2 Qg5 21.
Rh1 Rc5 22. hxg6 fxg6 23. Rh4 Qe5 24. Qxe5 Rxe5 25. Rd4 a5 26. e3 Kg7 27. Rad1
Rc8 28. Be2 g5 29. g4 Rh8 30. R1d3 h6 31. Bf3 Rc5 32. Rd2 Rhc8 33. Be2 Re5 34.
Bd3 Rh8 35. Be2 Rc8 36. Rd1 Rh8 37. R1d3 Kf7 38. Kf1 Rg8 39. Bf3 Rc5 40. Rd1
Rh8 41. Ke2 Rhc8 42. Ke1 Kg7 43. Be2 Kf7 44. Kf1 Re8 45. Bf3 Rec8 46. Kg2 Kg7
47. Kg3 Rh8 48. Rh1 Rhc8 49. Kg2 Rh8 50. Be2 Re5 51. Rh3 Ra8 52. Kf1 Rc8 53. f4
Re4 54. Rxe4 Nxe4 55. Bd3 Nf6 56. Kg2 Rc5 57. Kf3 h5 58. Rh2 hxg4+ 59. Kg3
gxf4+ 60. Kxf4 e5+ 61. Kg3 d5 62. Rf2 dxc4 63. bxc4 Kf7 64. Rb2 Rc6 65. Bf5 Ke7
66. Rb5 Kd6 67. Bxg4 Nxg4 68. Kxg4 Rxc4+ 69. Kf5 Kc6 70. Rb2 Rc1 71. e4 b5 72.
a3 Rc3 73. Ra2 Kd6 74. Rd2+ Kc5 75. Kxe5 Rxa3 76. Rc2+ Kb4 77. Kd4 Ra1 78. Rb2+
Ka4 79. Re2 b4 80. e5 Rd1+ 81. Kc4 Rc1+ 82. Kd3 b3 83. e6 Rc8 84. e7 Re8 85.
Kd2 Ka3 86. Kc1 Kb4 1/2-1/2

[Event "17. Obert Int. Sant Marti 2015"]
[Site "Barcelona ESP"]
[Date "2015.07.15"]
[Round "3.14"]
[White "Lopez Martinez, Josep Manuel"]
[Black "Satyapragyan, Swayangsu"]
[Result "1-0"]
[WhiteElo "2536"]
[BlackElo "2392"]
[PlyCount "91"]
[EventDate "2015.07.13"]
[EventType "swiss"]
[EventRounds "9"]
[EventCountry "ESP"]
[SourceTitle "Ajedrez en Madrid"]
[Source "lmi"]
[SourceDate "2013.07.13"]
[SourceVersion "1"]
[SourceVersionDate "2019.06.24"]
[SourceQuality "1"]

1. d4 Nf6 2. c4 e6 3. Nf3 Bb4+ 4. Bd2 Qe7 5. g3 Bxd2+ 6. Qxd2 O-O 7. Bg2 d5 8.
O-O Nc6 9. Qc3 Rd8 10. Nbd2 Ne4 11. Qe3 Nxd2 12. Nxd2 e5 13. cxd5 Nxd4 14. Rac1
c6 15. dxc6 Nxc6 16. Bxc6 bxc6 17. Nf3 Bh3 18. Rfe1 f6 19. Rxc6 Qb4 20. b3 Qa3
21. Rc2 Rac8 22. Qe4 h6 23. Ra1 a5 24. Ne1 Rxc2 25. Qxc2 Qb4 26. Rd1 Rd5 27.
Qc1 Rxd1 28. Qxd1 Qa3 29. Qc2 Qb4 30. Nf3 Be6 31. Nd2 Qd4 32. e3 Qa1+ 33. Kg2
Bd5+ 34. e4 Bf7 35. Nf3 Bh5 36. Nh4 Bg4 37. h3 Be6 38. Qc6 Kf7 39. Qb7+ Kg8 40.
Qa8+ Kh7 41. Qc6 Bf7 42. Qd7 Kg8 43. Qc8+ Kh7 44. Qf8 Bg8 45. Qe8 Qxa2 46. Qg6+
1-0